|
|
|
|
| LEADER |
00000nam0a2200000 4500 |
| 001 |
301864 |
| 005 |
20231102001437.0 |
| 020 |
|
|
|a RU
|b 83-14110
|
| 035 |
|
|
|a (RuTPU)RU\TPU\book\327055
|
| 090 |
|
|
|a 301864
|
| 100 |
|
|
|a 20150817d1983 km y0rusy5003 ca
|
| 101 |
0 |
|
|a rus
|
| 102 |
|
|
|a RU
|
| 105 |
|
|
|a ac z 001zb
|
| 200 |
1 |
|
|a Эдуард Колмановский
|f М. Игнатьева
|
| 210 |
|
|
|a Москва
|c Советский композитор
|d 1983
|
| 215 |
|
|
|a 151 с.
|c ил.
|e Прилож.: нот. ил., 9 л. ил.
|
| 300 |
|
|
|a В прил.: Из почты композитора; Из воспоминаний и выступлений композитора
|
| 320 |
|
|
|a Список основных произведений: с. 143-150
|
| 600 |
|
1 |
|a Колмановский
|b Э. С.
|c Советский композитор
|f 1923-1994
|g Эдуард Савельевич
|2 stltpush
|3 (RuTPU)RU\TPU\pers\43898
|
| 606 |
1 |
|
|a Композиторы
|2 stltpush
|3 (RuTPU)RU\TPU\subj\15032
|9 41330
|
| 610 |
1 |
|
|a советская музыка
|
| 610 |
1 |
|
|a музыкальная деятельность
|
| 610 |
1 |
|
|a музыкальное творчество
|
| 610 |
1 |
|
|a музыкальные деятели
|
| 610 |
1 |
|
|a Россия
|
| 610 |
1 |
|
|a история
|
| 610 |
1 |
|
|a 20 век
|
| 610 |
1 |
|
|a персоналии
|
| 675 |
|
|
|a 78.071.1
|z rus
|v 3
|
| 700 |
|
1 |
|a Игнатьева
|b М. А.
|g Мариам Ароновна
|4 070
|
| 801 |
|
0 |
|a RU
|b RuMRKP
|c 19950704
|g psbo
|
| 801 |
|
1 |
|a RU
|b 63413507
|c 20150817
|
| 801 |
|
2 |
|a RU
|b 63413507
|c 20190617
|g RCR
|
| 942 |
|
|
|c BK
|